[Event "70th ch-ARM"]
[Site "Yerevan ARM"]
[Date "2010.01.27"]
[Round "6"]
[White "Minasian,Art"]
[Black "Melkumyan,H"]
[Result "0-1"]
[WhiteElo "2561"]
[BlackElo "2583"]
[EventDate "2010.01.22"]

1. Nf3 Nf6 2. g3 g6 3. Bg2 Bg7 4. O-O O-O 5. d3 d5 6. Nbd2 Nbd7 7. e4 c6 8.
e5 Ne8 9. d4 Nc7 10. Ne1 c5 11. c3 Nb8 12. Nb3 cxd4 13. cxd4 Nc6 14. Be3 b6
15. Rc1 Qd7 16. f4 Ba6 17. Rf2 Rac8 18. h4 f5 19. h5 Bc4 20. hxg6 hxg6 21.
Nd2 Ba6 22. Ndf3 e6 23. Nh4 Ne7 24. Nef3 Bh6 25. Bd2 Rfd8 26. Bb4 Kg7 27.
Bf1 Bxf1 28. Qxf1 Nc6 29. Bd2 Ne7 30. Rg2 Qb5 31. g4 Qxf1+ 32. Kxf1 Kf7 33.
Ke2 Na6 34. Rh1 Rh8 35. Kd3 Rcg8 36. a3 Ke8 37. Rhg1 Bf8 38. Be1 Bh6 39.
Bd2 Bf8 40. Rg3 Bh6 41. a4 Kd7 42. b4 b5 43. axb5 Nc7 44. Ra1 Nxb5 45. Ra6
Nc6 46. g5 Bf8 47. Rg1 Be7 48. Rc1 Nb8 49. Ra5 a6 50. Be1 Bd8 51. Ra2 Bb6
52. Rac2 Ke7 53. Bf2 Kf7 54. Nd2 Rd8 55. Nb3 Rd7 56. Nc5 Rc7 57. Nf3 Bxc5
58. Rxc5 Rxc5 59. bxc5 Nc6 60. Ke2 a5 61. Ra1 a4 62. Kd3 Rh3 63. Ke2 a3 64.
Be3 Na5 65. Kf2 Nb3 66. Ra2 Rh1 67. c6 Ke8 68. Nd2 Nxd2 69. Bxd2 Rb1 70.
Ke2 Rb2 71. c7 Kd7 72. Ra1 Nxd4+ 0-1

[Event "70th ch-ARM"]
[Site "Yerevan ARM"]
[Date "2010.01.28"]
[Round "7"]
[White "Hovhannisyan,R"]
[Black "Minasian,Art"]
[Result "1-0"]
[WhiteElo "2473"]
[BlackElo "2561"]
[EventDate "2010.01.22"]

1. e4 g6 2. d4 Bg7 3. Nc3 c6 4. Nf3 d6 5. h3 Nd7 6. Bc4 b5 7. Bb3 Nb6 8.
O-O a5 9. a3 Ba6 10. Re1 e6 11. Bg5 Qd7 12. Qd2 h6 13. Be3 Rb8 14. Ba2 a4
15. Ne2 Nc4 16. Bxc4 bxc4 17. Nc3 Bb5 18. Rad1 Ne7 19. Nh2 f5 20. Nf3 g5
21. exf5 Nxf5 22. Nxb5 cxb5 23. d5 e5 24. Qb4 O-O 25. b3 axb3 26. cxb3 Rbc8
27. Nd2 cxb3 28. Qxb3 Nh4 29. Qb4 Ra8 30. Rb1 Rfb8 31. Ne4 Nf5 32. Rec1 Rb7
33. Qc3 Ne7 34. Qd3 Ra6 35. Rb3 Ra5 36. Rb4 Rb8 37. Rcb1 Rba8 38. R1b3 Nf5
39. Rxb5 Rxb5 40. Rxb5 g4 41. hxg4 Nxe3 42. fxe3 Qxg4 43. Nxd6 e4 44. Nxe4
Re8 45. d6 Rxe4 46. d7 Bf6 47. d8=Q+ Bxd8 48. Qxd8+ Kg7 49. Rb7+ Kg6 50.
Qg8+ Kh5 51. Rb5+ 1-0

[Event "70th ch-ARM"]
[Site "Yerevan ARM"]
[Date "2010.01.28"]
[Round "7"]
[White "Kalashian,D"]
[Black "Petrosian,TL"]
[Result "1-0"]
[WhiteElo "2451"]
[BlackElo "2627"]
[EventDate "2010.01.22"]

1. d4 Nf6 2. c4 g6 3. Nc3 d5 4. cxd5 Nxd5 5. Bd2 Bg7 6. e4 Nb6 7. Be3 O-O
8. h3 Nc6 9. Nf3 f5 10. exf5 Bxf5 11. Bb5 Qd6 12. O-O Rad8 13. Re1 h6 14.
a3 a6 15. Bf1 Kh8 16. g4 Bc8 17. Bg2 g5 18. Qe2 e6 19. Rad1 Nd5 20. Ne4 Qe7
21. Ng3 Nf4 22. Bxf4 Rxf4 23. d5 Nd4 24. Nxd4 Bxd4 25. Rxd4 Rxd4 26. Nf5
Qf6 27. Nxd4 Qxd4 28. dxe6 Re8 29. e7 Kg7 30. Qc2 c6 31. b4 Qf6 32. Qe4 Qg6
33. Qe3 Qf6 34. Bf1 Bd7 35. Bd3 Kf7 36. Bc4+ Kg7 37. Qe4 Qf4 38. Qd3 Bxg4
39. hxg4 Qxg4+ 40. Kf1 Qf4 41. Re6 1-0

[Event "70th ch-ARM"]
[Site "Yerevan ARM"]
[Date "2010.01.28"]
[Round "7"]
[White "Chibukhchian,A"]
[Black "Grigoryan,Av"]
[Result "1/2-1/2"]
[WhiteElo "2498"]
[BlackElo "2534"]
[EventDate "2010.01.22"]

1. d4 d5 2. c4 dxc4 3. e3 e5 4. Bxc4 exd4 5. exd4 Nf6 6. Nf3 Bd6 7. O-O O-O
8. Nc3 Nc6 9. Bg5 h6 10. Bh4 Bg4 11. h3 Bxf3 1/2-1/2

[Event "70th ch-ARM"]
[Site "Yerevan ARM"]
[Date "2010.01.29"]
[Round "8"]
[White "Minasian,Art"]
[Black "Chibukhchian,A"]
[Result "1-0"]
[WhiteElo "2561"]
[BlackElo "2498"]
[EventDate "2010.01.22"]

1. e4 c5 2. Nf3 e6 3. g3 Nc6 4. Bg2 Nf6 5. Qe2 d6 6. c3 Be7 7. O-O O-O 8.
d4 cxd4 9. cxd4 d5 10. e5 Ne4 11. Nbd2 Nxd2 12. Bxd2 Qb6 13. Be3 Bd7 14.
Rfd1 Rfc8 15. h4 Nb4 16. Rd2 Qa6 17. Qd1 Qa4 18. b3 Qa3 19. Ng5 h6 20. Nh3
Rc3 21. Qg4 Kh8 22. Nf4 Nc2 23. Rad1 Nxe3 24. fxe3 Be8 25. e4 dxe4 26. Bxe4
Rd8 27. Kh2 Rc1 28. d5 Rxd1 29. Qxd1 Bb4 30. Rc2 Qa5 31. Qf3 Bd2 32. Nxe6
Rxd5 33. Qf5 1-0

[Event "70th ch-ARM"]
[Site "Yerevan ARM"]
[Date "2010.01.29"]
[Round "8"]
[White "Petrosian,TL"]
[Black "Petrosian,DG"]
[Result "1-0"]
[WhiteElo "2627"]
[BlackElo "2501"]
[EventDate "2010.01.22"]

1. d4 Nf6 2. Nf3 g6 3. g3 Bg7 4. Bg2 O-O 5. O-O d6 6. c4 c5 7. Nc3 Nc6 8.
d5 Na5 9. Nd2 a6 10. Qc2 Rb8 11. b3 b5 12. Rb1 Bh6 13. f4 bxc4 14. bxc4
Rxb1 15. Ncxb1 e5 16. fxe5 Ng4 17. Nf3 Be3+ 18. Kh1 Bf5 19. Qc3 Nf2+ 20.
Rxf2 Bxf2 21. Bh6 Bxb1 22. exd6 f6 23. Bxf8 Kxf8 24. Ng5 Qxd6 25. Ne6+ Ke7
26. Qxa5 Bf5 27. Bf3 Bxe6 28. dxe6 Kxe6 29. Kg2 Bd4 30. Bb7 f5 31. Qxa6
Qxa6 32. Bxa6 Ke5 33. Kf3 g5 34. e3 Bc3 35. Bb5 Bd2 36. Be8 h6 37. Bh5 Kd6
38. Ke2 Ba5 39. g4 Ke5 40. gxf5 Kxf5 41. h3 Ke5 42. Kd3 Be1 43. Bf3 Bg3 44.
Kd2 Ke6 45. Bg4+ Ke7 46. Kd3 Be1 47. Ke4 Bd2 48. Kd5 Bxe3 49. Kc6 Kd8 50.
a4 Bd2 51. Kb6 Bf4 52. a5 Bc7+ 53. Kb5 h5 54. Bf5 1-0

[Event "70th ch-ARM"]
[Site "Yerevan ARM"]
[Date "2010.01.29"]
[Round "8"]
[White "Grigoryan,Av"]
[Black "Kalashian,D"]
[Result "1-0"]
[WhiteElo "2534"]
[BlackElo "2451"]
[EventDate "2010.01.22"]

1. d4 c6 2. c4 g6 3. Nc3 Bg7 4. e4 d6 5. f4 Qb6 6. Nge2 Nh6 7. h3 f5 8. e5
O-O 9. g3 Nf7 10. Bg2 dxe5 11. c5 Qd8 12. fxe5 Na6 13. Be3 Nc7 14. O-O Be6
15. Qa4 Qd7 16. Kh2 g5 17. Rf2 h6 18. h4 Qe8 19. Bh3 Qd7 20. Raf1 g4 21.
Bg2 Nh8 22. Nf4 Bf7 23. d5 Bxe5 24. dxc6 bxc6 25. Bxc6 Qc8 26. Bxa8 Qxa8
27. Nd3 Bxc3 28. bxc3 Bd5 29. Bxh6 Rf6 30. Rxf5 Bf3 31. R1xf3 gxf3 32. Rxf6
1-0

[Event "70th ch-ARM"]
[Site "Yerevan ARM"]
[Date "2010.01.29"]
[Round "8"]
[White "Andriasian,Z"]
[Black "Kotanjian,T"]
[Result "1/2-1/2"]
[WhiteElo "2613"]
[BlackElo "2537"]
[EventDate "2010.01.22"]

1. e4 c5 2. Nf3 d6 3. d4 cxd4 4. Nxd4 Nf6 5. Nc3 a6 6. Be3 Ng4 7. Bc1 Nf6
8. Be2 e5 9. Nb3 Be7 10. O-O O-O 11. a4 Be6 12. Be3 Nbd7 13. f3 Nb6 14. a5
Nc4 15. Bxc4 Bxc4 16. Rf2 Rc8 17. Rd2 Qc7 18. Kh1 h6 19. Nc1 Be6 20. Nd3 d5
21. exd5 Bxd5 22. Bb6 Qb8 23. Nxe5 Qxe5 24. Nxd5 Nxd5 25. Rxd5 Qxb2 26. Rd7
Bf6 27. Rb1 Qxc2 28. Qxc2 Rxc2 29. Rxb7 Rfc8 30. Rg1 Ra8 31. Rd1 Rac8
1/2-1/2

[Event "70th ch-ARM"]
[Site "Yerevan ARM"]
[Date "2010.01.31"]
[Round "9"]
[White "Hovhannisyan,R"]
[Black "Andriasian,Z"]
[Result "1/2-1/2"]
[WhiteElo "2473"]
[BlackElo "2613"]
[EventDate "2010.01.22"]

1. e4 c5 2. Nf3 d6 3. d4 cxd4 4. Nxd4 Nf6 5. Nc3 a6 6. a4 e5 7. Nf3 Be7 8.
Bg5 Be6 9. Bxf6 Bxf6 10. Nd5 Nd7 11. Bc4 Rc8 12. b3 Nb6 13. Nxf6+ gxf6 14.
Bxe6 fxe6 15. a5 Na8 16. c4 O-O 17. Qd2 Nc7 18. Rd1 Ne8 19. Qb4 Qc7 20. O-O
Qg7 21. Rd3 Kh8 22. Nd2 f5 23. Rg3 Qc7 24. f4 Ng7 25. Rd3 Rcd8 26. exf5
exf5 27. Rd5 Nh5 28. fxe5 dxe5 29. Nf3 Nf4 30. Rxd8 Rxd8 31. Qb6 Qxb6+ 32.
axb6 Nd3 33. Ng5 Rf8 34. Rf3 Nf4 35. Kf1 h6 36. Nh3 Ne6 37. Rd3 Rd8 38. Re3
e4 39. g4 fxg4 40. Rxe4 Rd6 41. Rxg4 Rxb6 42. Rg6 Kh7 43. Nf4 Rxb3 44. Rxe6
Rf3+ 45. Kg2 Rxf4 46. Re7+ Kg6 47. Rxb7 Rxc4 48. Rb6+ 1/2-1/2

[Event "70th ch-ARM"]
[Site "Yerevan ARM"]
[Date "2010.01.31"]
[Round "9"]
[White "Chibukhchian,A"]
[Black "Melkumyan,H"]
[Result "1/2-1/2"]
[WhiteElo "2498"]
[BlackElo "2583"]
[EventDate "2010.01.22"]

1. Nf3 Nf6 2. d4 g6 3. Bg5 Ne4 4. Bh4 Bg7 5. Nbd2 d5 6. c3 c5 7. e3 Qb6 8.
Nxe4 dxe4 9. Nd2 Qxb2 10. Nxe4 cxd4 11. cxd4 Nc6 12. Be2 Bf5 13. Nd2 Nxd4
14. exd4 Qxd4 15. g4 Bxg4 16. Bxg4 Qxa1 17. Qxa1 Bxa1 18. Ke2 Bf6 19. Bg3
O-O 20. Rc1 Rfd8 21. Nb3 h5 22. Bf3 Rac8 23. Bxb7 Rxc1 24. Nxc1 Rd4 25. f3
Bg5 26. Nd3 Rc4 27. f4 Bf6 28. Bd5 Rc8 29. Bb3 e6 30. Bf2 Rc7 31. Nc5 Be7
32. Nd3 Bd6 33. h4 Rb7 34. Be1 Bc7 35. Bc3 Bd8 36. Be1 Rd7 37. Nc5 Rd4 38.
Ke3 Rd6 39. Nd3 Bb6+ 40. Ke2 Rd4 41. Bd2 a5 42. a4 Bc7 43. Be3 Rd8 44. Bc4
Rb8 45. Bb5 Bd8 46. Bf2 Rc8 47. Kd2 Be7 48. Ne5 Bd6 49. Bb6 g5 50. hxg5 h4
51. Nd3 h3 52. Bg1 Kg7 53. Bh2 Bb4+ 54. Kd1 Bd6 55. Nf2 Rc3 56. Ne4 Ra3 57.
Nxd6 Ra1+ 58. Ke2 Ra2+ 59. Kf3 Rxh2 60. Kg3 Rd2 61. Ne8+ Kg6 62. Kxh3 Kf5
63. Kg3 e5 64. fxe5 Kxe5 65. Ng7 Rd1 66. Bc6 Rd6 67. Bb5 Rg6 68. Ne8 Rxg5+
69. Kf3 f5 70. Nc7 Rh5 71. Na6 Rh3+ 72. Ke2 Rc3 73. Nb8 Kd6 74. Kd2 Rc8 75.
Na6 Ke5 76. Ke3 f4+ 77. Kd3 f3 78. Ke3 Rc3+ 79. Kd2 Ra3 80. Nb8 Ke4 81. Nc6
Ra2+ 82. Kc3 f2 83. Nxa5 Rxa4 84. Nb3 Ke3 85. Bf1 Ra8 86. Nd2 Ra1 87. Nc4+
Kf3 88. Nd2+ Ke3 89. Nc4+ Kf4 90. Nd2 Ra3+ 91. Kb2 Ra8 92. Kc3 Rd8 93. Kc2
Ke3 94. Nc4+ Kd4 95. Nd2 Re8 96. Nf3+ Ke3 97. Nd2 Rc8+ 98. Nc4+ Kd4 99. Kb3
Rc7 100. Nd2 Ra7 101. Kb2 Rc7 102. Kb3 Ra7 103. Kb2 Ra8 104. Kc2 Ra2+ 105.
Kd1 Ke3 106. Nc4+ Kf3 107. Nd2+ Kg3 108. Ke2 Ra4 109. Ke3 Ra3+ 110. Ke4
1/2-1/2

[Event "70th ch-ARM"]
[Site "Yerevan ARM"]
[Date "2010.01.31"]
[Round "9"]
[White "Petrosian,DG"]
[Black "Grigoryan,Av"]
[Result "0-1"]
[WhiteElo "2501"]
[BlackElo "2534"]
[EventDate "2010.01.22"]

1. e4 c6 2. d4 d5 3. f3 e6 4. Nc3 Nf6 5. Bg5 Be7 6. Nge2 Nxe4 7. Nxe4 Bxg5
8. Nxg5 Qxg5 9. h4 Qe7 10. Qd2 c5 11. dxc5 Qxc5 12. h5 h6 13. Rh3 Qe7 14.
f4 Nc6 15. O-O-O Bd7 16. g4 O-O-O 17. Nd4 Kb8 18. Ra3 Rc8 19. Nxc6+ Rxc6
20. Qd4 Qc5 21. Qe5+ Qd6 22. Qxd6+ Rxd6 23. c4 Rc8 24. Kb1 b6 25. Rg3 Kc7
26. Ra3 a5 27. c5 bxc5 28. Rxa5 Kb7 29. Rd3 Rb6 30. Rda3 Kc6 31. Ra7 Rcb8
32. b3 f6 33. Kc2 e5 34. f5 Kd6 35. R3a6 Rxa6 36. Rxa6+ Bc6 37. a4 Ra8 38.
a5 Rxa6 0-1